Top 200 Cities in The United State To Visit! - Statistics

General Stats
  • This quiz has been taken 112 times
  • The average score is 84 of 200
Answer Stats
# Answer % Correct
3 New York
98%
186 Las Vegas
95%
200 Los Angeles
95%
188 Houston
94%
2 Boston
93%
40 Miami
93%
7 Washington
93%
13 Chicago
92%
27 Seattle
92%
41 | 68 Portland
91%
1 San Francisco
91%
80 Philadelphia
90%
94 San Diego
90%
45 Nashville
89%
69 Denver
88%
196 Orlando
88%
105 Austin
87%
85 Jackson
87%
133 Memphis
87%
146 Buffalo
86%
4 New Orleans
86%
177 San Antonio
86%
172 Tampa
86%
71 Atlanta
85%
6 Detroit
85%
121 Honolulu
85%
39 Indianapolis
83%
99 Kansas City
83%
119 Minneapolis
83%
134 Anchorage
82%
192 Baltimore
81%
169 Cleveland
81%
162 El Paso
81%
149 Milwaukee
81%
10 St. Louis
81%
123 Boise
80%
60 Salt Lake City
80%
104 Cincinnati
79%
73 Pittsburgh
79%
106 Reno
78%
167 Sacramento
76%
5 | 151 Charleston
75%
120 Louisville
75%
49 Savannah
74%
70 Tulsa
72%
95 Madison
71%
31 Providence
71%
161 Richmond
70%
110 Omaha
69%
142 Cheyenne
68%
199 Spokane
68%
77 St. Paul
68%
187 Birmingham
67%
34 Colorado Springs
66%
179 Salem
66%
132 | 135 Columbia
65%
145 Fort Worth
65%
103 Lincoln
65%
107 Juneau
64%
122 Knoxville
64%
8 Santa Fe
64%
191 Montgomery
60%
12 Durham
59%
115 Wilmington
59%
11 Boulder
54%
83 | 168 Newport
54%
193 Dover
53%
87 Chattanooga
52%
43 Key West
52%
130 Burlington
51%
176 Arlington
50%
197 Atlantic City
50%
166 Duluth
50%
72 Helena
50%
164 Olympia
50%
48 Missoula
49%
15 Flagstaff
48%
91 Annapolis
47%
92 Santa Barbara
47%
181 Shreveport
46%
98 Topeka
46%
101 Ann Arbor
45%
78 Carson City
45%
35 Asheville
44%
111 | 141 Athens
44%
9 Bozeman
44%
32 Fort Collins
44%
138 Bend
43%
185 Daytona Beach
43%
163 Pensacola
39%
144 Greenville
38%
171 Palm Springs
38%
147 Santa Monica
38%
57 Rapid City
37%
23 Acoma Pueblo
36%
53 Eureka
36%
62 San Juan
36%
86 Bangor
35%
152 Roanoke
35%
33 South Bend
35%
97 Coeur d'Alene
34%
38 St. Augustine
34%
37 Monterey
31%
156 Montpelier
31%
150 Galveston
30%
140 Idaho Falls
30%
143 Lancaster
29%
158 Vail
29%
189 Gettysburg
28%
153 Jefferson City
28%
124 Sault Ste Marie
28%
24 Roswell
26%
82 Sedona
26%
25 Butte
25%
19 Gary
25%
51 Moab
25%
50 Marquette
24%
75 Taos
24%
109 Charlottesville
23%
170 Williamsburg
23%
148 Lake Havasu City
22%
102 Traverse City
22%
190 Barrow
21%
139 Hot Springs
21%
14 Ocean City
21%
56 Provincetown
21%
42 Cody
20%
22 Kalispell
20%
96 Morgantown
20%
136 Gatlinburg
19%
76 Vicksburg
19%
129 Lawrence
18%
127 Park City
18%
61 Astoria
17%
117 Bar Harbor
17%
21 Ketchikan
17%
116 Auburn
16%
174 Dubuque
16%
88 Durango
16%
47 San Luis Obispo
16%
165 Elko
15%
118 Mackinac Island
15%
28 Deadwood
14%
44 Harpers Ferry
14%
173 Paducah
14%
182 State College
14%
84 Breckenridge
13%
194 Cape May
13%
81 Telluride
13%
46 Skagway
12%
126 South Lake Tahoe
12%
128 Walla Walla
12%
131 Cape Canaveral
11%
52 Golden
11%
175 Leavenworth
11%
125 Amherst
10%
89 Cedar City
10%
67 Montrose
10%
55 Steamboat Springs
10%
36 Wenatchee
10%
195 Vineyard Haven
9%
74 Boone
8%
26 Estes Park
8%
79 Galena
8%
90 Houghton
8%
154 Sturgis
8%
155 Truth or Consequences
8%
159 Cumberland
7%
54 Eureka Springs
7%
30 Stillwater
7%
160 Alamosa
6%
66 Glenwood Springs
6%
29 Leadville
6%
180 Scottsbluff
6%
198 Winslow
6%
108 Brattleboro
5%
157 Rockport
5%
58 Bisbee
4%
64 Coventry
4%
63 Gunnison
4%
16 Ocracoke
4%
113 Port Townsend
4%
65 Virginia City
4%
137 Apalachicola
3%
18 Bartlesville
3%
100 Buena Vista
3%
112 Central City
3%
114 Custer
3%
59 Jim Thorpe
3%
184 Martinsburg
3%
178 Medora
2%
20 Wallace
2%
17 Casey
1%
183 Maysville
0%
93 Narrangansett
0%
No matching quizzes found
Score Distribution
Percent of People with Each Score
Percentile by Number Answered
Your Score History
You have not taken this quiz